000 00306nam a22001337a 4500
008 181024b xxu||||| |||| 00| 0 eng d
020 _a0397504705
041 _aeng
080 _a611
100 _a6
101 _aANA
245 _aFundamental and Clinical bone Physiology
_cUrist,M.R
942 _2udc
_cBK
999 _c50854
_d50854